Đặc điểm sinh học sinh sản và tương quan hồng cầu, bạch cầu với các giai đoạn phát triển tuyến sinh dục của cá đối (Liza subviridis, Valenciennes 1836) Báo cáo khoa họcđề tài cấp trường do nghiên cứu sinh thực hiện

Mục tiêu của đề tài nhằm xác định được đặc điểm sinh học sinh sản và sự tương quan một vài chỉ tiêu huyết học với các giai đoạn phát triển của tuyến sinh dục cá đối.

Đã lưu trong:
書目詳細資料
主要作者: Lê, Quốc Việt
格式: 圖書
語言:Undetermined
出版: Cần Thơ Trường Đại học Cần Thơ 2011
主題:
標簽: 添加標簽
沒有標簽, 成為第一個標記此記錄!
Thư viện lưu trữ: Trung tâm Học liệu Trường Đại học Cần Thơ
LEADER 01308nam a2200241Ia 4500
001 CTU_205393
008 210402s9999 xx 000 0 und d
082 |a 639.31 
082 |b V308 
088 |a TNCS2010-06 
100 |a Lê, Quốc Việt 
245 0 |a Đặc điểm sinh học sinh sản và tương quan hồng cầu, bạch cầu với các giai đoạn phát triển tuyến sinh dục của cá đối (Liza subviridis, Valenciennes 1836) 
245 0 |b Báo cáo khoa họcđề tài cấp trường do nghiên cứu sinh thực hiện 
245 0 |c Lê Quốc Việt (chủ nghiệm đề tài) ; Nguyễn Anh Tuấn, Trần Ngọc Hải (cán bộ hướng dẫn) 
260 |a Cần Thơ 
260 |b Trường Đại học Cần Thơ 
260 |c 2011 
520 |a Mục tiêu của đề tài nhằm xác định được đặc điểm sinh học sinh sản và sự tương quan một vài chỉ tiêu huyết học với các giai đoạn phát triển của tuyến sinh dục cá đối. 
650 |a Nuôi cá,Fish culture 
650 |z Việt Nam,Vietnam 
904 |i Qhieu 
915 |a TS 
980 |a Trung tâm Học liệu Trường Đại học Cần Thơ